Mikroprocessory i ich primenenije v sistemach peredači i obrabotki signalov

Uložené v:
Podrobná bibliografia
Hlavný autor: Kolabekov, Beniamin Aršakov
Médium: Kniha
Jazyk:Russian
Vydavateľské údaje: Moskva Radijo i svjaz' 1988
Vydanie:1. izd.
Tagy: Pridať tag
Žiadne tagy, Buďte prvý, kto otaguje tento záznam!

MARC

LEADER 00000nam a2200000 4500
001 c038813
005 20221219125214.6
041 0 |a rus 
044 |a RU 
245 1 0 |a Mikroprocessory i ich primenenije v sistemach peredači i obrabotki signalov  |c Beniamin Aršakov Kolabekov 
250 |a 1. izd. 
264 1 |a Moskva  |b Radijo i svjaz'  |c 1988 
300 |a 367 s. 
100 1 |a Kolabekov, Beniamin Aršakov